Peter Parley's tales about great men.

Bibliographic Details
Main Author: Goodrich, Samuel G. (Samuel Griswold), 1793-1860
Format: Microform Book
Language:English
Published: London : S. Lingham, [1840?]
Series:Opie collection of children's literature ; 010:192.
Subjects:

MARC

Tag First Indicator Second Indicator Subfields
LEADER 00000cam a2200000Ia 4500
001 in00002565310
005 20151201153936.0
007 he amv---bacp
007 hd bfv---baap
008 950810s1840 enkacf jb 000 0 eng d
035 |a (OCoLC)ocm32948491 
037 |a CL0021000010  |b ProQuest Information and Learning 300 N. Zeeb Rd., Ann Arbor, MI 48106 
040 |a OPP  |c OPP  |d UtOrBLW 
049 |a OPPA 
090 |a PZ5  |b .O67 1990 no.010:192. 
100 1 |a Goodrich, Samuel G.  |q (Samuel Griswold),  |d 1793-1860. 
245 1 0 |a Peter Parley's tales about great men. 
246 1 5 |a Tales about great men, by Peter Parley 
246 1 8 |a Parley's tales about great men 
264 1 |a London :  |b S. Lingham,  |c [1840?] 
264 3 |a London :  |b Printed by D.A. Doudney 
300 |a vii, 246 pages, 2 unnumbered pages, 11 unnumbered leaves of plates :  |b illustrations, portraits 
336 |a text  |b txt  |2 rdacontent 
337 |a microform  |b h  |2 rdamedia 
338 |a microfiche  |b he  |2 rdacarrier 
500 |a Date of publication suggested by the Bodleian Library. 
500 |a Publisher's advertisements on [2] pages at end. 
500 |a Reproduction of original in the Bodleian Library. 
510 4 |a Opie  |c D 201 
533 |a Microfiche.  |b Ann Arbor, Mich.  |c UMI,  |d 1993.  |e 3 microfiche.  |f (Opie collection of children's literature ; 010:192).  |7 s1993 miun b 
500 |a Microform. 
650 0 |a Biography  |v Juvenile literature. 
650 0 |a Biography  |y 19th century. 
830 0 |a Opie collection of children's literature ;  |v 010:192. 
999 |a MARS 
999 f f |s 686a4521-e030-3f22-8abb-09c4230c8c78  |i e83066a7-1942-34fa-85db-5d9297c8e422  |t 0 
952 f f |a Texas A&M University  |b College Station  |c Sterling C. Evans Library  |d Evans: Microforms Fiche (3rd floor)  |t 0  |e PZ5 .O67 1990 no.010:192.  |h Library of Congress classification 
998 f f |a PZ5 .O67 1990 no.010:192.  |t 0  |l Evans: Microforms Fiche (3rd floor)